Statistics for Nascar drivers in 2022

Click here to take the quiz!

General Stats

  • This quiz has been taken 2 times
  • The average score is 45 of 71

Answer Stats

HintAnswer% Correct
6Brad Keselowski
100%
45Bubba Wallace
100%
23Bubba Wallace
100%
9Chase Elliott
100%
20Christopher Bell
100%
99Daniel Suarez
100%
11Denny Hamlin
100%
43Erik Jones
100%
22Joey Logano
100%
45Kurt Busch
100%
18Kyle Busch
100%
5Kyle Larson
100%
1Ross Chastain
100%
12Ryan Blaney
100%
23Ty Gibbs
100%
45Ty Gibbs
100%
8Tyler Reddick
100%
24William Byron
100%
17Zane Smith
100%
16AJ Allmendinger
50%
48Alex Bowman
50%
78Andy Lally
50%
10Aric Almirola
50%
2Austin Cindric
50%
3Austin Dillon
50%
33Austin Hill
50%
78BJ Mcleod
50%
66Boris Said
50%
14Chase Briscoe
50%
17Chris Buescher
50%
51Cody Ware
50%
41Cole Custer
50%
50Conor Daly
50%
7Corey Lajoie
50%
23Daniel Hemric
50%
16Daniel Hemric
50%
26Daniel Kvyat
50%
15David Ragan
50%
15Garrett Smithley
50%
44Greg Biffle
50%
21Harrison Burton
50%
27Jacques Villneuve
50%
55JJ Yeley
50%
15JJ Yeley
50%
51JJ Yeley
50%
15Joey Hand
50%
45John Hunter Nemechek
50%
77Josh Bilicki
50%
78Josh Williams
50%
77Justin Allgaier
50%
62Justin Allgaier
50%
31Justin Haley
50%
50Kaz Grala
50%
4Kevin Harvick
50%
91Kimi Raikkonen
50%
78Kyle Tilley
50%
77Landon Cassill
50%
27Loris Hezemans
50%
19Martin Truex Jr
50%
34Michael McDowell
50%
16Noah Gragson
50%
62Noah Gragson
50%
48Noah Gragson
50%
15Parker Kligerman
50%
47Ricky Stenhouse Jr
50%
15Ryan Preece
50%
78Scott Heckert
50%
66Timmy Hill
50%
38Todd Gilliland
50%
42Ty Dillon
50%
77Mike Rockenfeller
0%

Score Distribution

Percentile by Number Answered

Percent of People with Each Score

Your Score History

You have not taken this quiz